000 02266cam a22005774i 4500
003 PE-LiUPU
005 20250731180119.0
008 150616s1981 mx a rb 000 0 spa d
020 _a9682401356
020 _a9789682401350
035 _a(Sirsi) i9789682401350
040 _aPE-LiUPU
_bspa
_cPE-LiUPU
_dPE-LiUPU
_erda
049 _aPRUA
082 0 4 _a512.943
_bH68
_221
100 1 _aHohn, Franz E.,
_eautor.
245 1 0 _aÁlgebra de matrices /
_cFranz E. Hohn.
264 1 _aMéxico :
_bTrillas,
_c1981.
300 _a453 páginas :
_bilustraciones ;
_c24 centímetros.
336 _atext
_2rdacontent
337 _aunmediated
_2rdamedia
338 _avolume
_2rdacarrier
490 0 _aBiblioteca de Matemática Superior
504 _aBibliografía: páginas 435-444.
504 _aÍndice: páginas 445-453.
505 0 _aIntroducción al álgebra de matrices -- Determinantes -- Inversa de una matriz -- Rango y equivalencia -- Ecuaciones lineales y dependencia lineal -- Espacios vectoriales y transformaciones lineales -- Transformaciones unitarias y ortogonales -- Ecuación característica de una matriz -- Formas bilineales, cuadráticas y ermitañas -- Las notaciones õ y Ò -- Algebra de los números complejos -- El concepto general de isomorfismo.
526 _aSEG44
526 _aSEG26
526 _aP159
526 _aP155
526 _aP154
526 _aP153
526 _aP150
526 _aP100
526 _aP31
526 _aP30
526 _aP26
526 _aP25
526 _aP24
526 _aP22
526 _aP15
526 _aP10
650 1 4 _aMatrices (Matemáticas).
_919
910 _ajck
_bjvq
_cjck
910 _bksl
_cksl
_d20190509
942 _2ddc
_cBOOK
949 _a512.943 H68
_wDEWEY
_c1
_i23663
_d2016-9-26
_e2016-9-20
_lCCODEBUL1
_mBUL
_n1
_r0
_sY
_tBOOK
_u2015-6-16
_xEDUCACION
_PP20
_0COMPRA
_o.STAFF. Colección Ciencias Humanas y Educación
994 _aC0
_bPEPRU
596 _a1
999 _a512.943 H68
_wDEWEY
_c33836
_i23663
_d33836
_e2018-4-12
_f2021-11-8
_g6
_lCCODEBUL1
_mBUL
_n5
_p27.07
_q1
_r0
_sY
_tBOOK
_u2015-6-16
_xEDUCACION
_PP20
_0COMPRA
_o.STAFF. Colección Ciencias Humanas y Educación
980 _81
_gALBERTO SANCHEZ Responsable de Automatización